[Event "31st Roquetas de Mar Open 2020"]
[Site "Roquetas de Mar"]
[Date "2020.01.06"]
[Round "8.12"]
[White "Suarez Uriel, Adrian"]
[Black "Alshameary Puente, Ismael"]
[Result "1-0"]
[WhiteElo "2362"]
[BlackElo "2385"]
[Annotator "TA"]
[PlyCount "59"]
[EventDate "2020.01.02"]
[EventType "swiss"]
[EventCountry "ESP"]
[SourceTitle "playchess.com"]
[Source "ChessBase"]
[SourceQuality "1"]

{[%evp 9,59,17,22,4,16,2,8,5,24,36,17,0,0,0,0,-9,22,20,32,0,39,39,24,35,0,-26,17,0,37,0,0,0,0,0,0,0,0,0,0,0,0,0,0,-5,0,0,29989,29990,29990,29991,29998,29999]} 1. e4 c5 2. Nf3 d6 3. d4 cxd4 4. Nxd4 Nf6 5. Nc3 a6 6. h4 {B90: Sicilian Najdorf: Unusual White 6th moves, 6 Be3 Ng4 and 6 Be3 e5} e5 (6... Nc6 7. h5 e5 8. Nb3 Be6 9. Bg5 Be7 10. h6 g6 11. Qd2 b5 12. Rd1 b4 13. Bxf6 Bxf6 {½-½ (46) Alekseenko,K (2637)-Vachier Lagrave,M (2780) chess.com INT 2019}) 7. Nb3 Be6 8. f4 {The position is equal.} b5 {[%cal Bb7b5,Bb5b4][%mdl 32]} 9. f5 Bc8 10. g4 Bb7 $1 11. Bg2 b4 12. Nd5 Nxd5 13. exd5 {[#]} h6 $146 ({Predecessor:} 13... a5) 14. g5 hxg5 15. hxg5 Rxh1+ 16. Bxh1 Qb6 {Threatens to win with ...Qg1+.} 17. Qg4 a5 18. a4 Nd7 19. Qg3 Qc7 20. Be4 Nb6 21. Qf3 Qc4 {[%cal Rb7d5]} 22. Be3 $1 {[%cal Re3b6]} Bxd5 ({Wrong is} 22... Nxd5 $2 23. Nd2 $18) 23. Nd2 Bxe4 24. Nxe4 {Strongly threatening f6.} Rb8 ({Inferior is} 24... Qxc2 25. Rc1 $18 (25. Bxb6 d5 $16)) 25. f6 {fxg7 is the strong threat.} g6 $1 26. b3 Qxc2 27. Rc1 $36 {[%mdl 2048] White is pushing.} Qxb3 $2 {[%mdl 8192] [#]} (27... Qd3 $11 28. Nf2 Qd5) 28. Nxd6+ $1 {[%mdl 64] Decoy. White mates.} Bxd6 29. Qc6+ {[%mdl 64] Double Attack} Nd7 {[#]} 30. Qc8+ $1 {[%mdl 576] Back Rank. Accuracy: White = 64%, Black = 63%.} 1-0

[Event "31st Roquetas de Mar Open 2020"]
[Site "Roquetas de Mar"]
[Date "2020.01.06"]
[Round "8.13"]
[White "Moral Garcia, Serafin"]
[Black "Pridorozhni, Aleksei"]
[Result "0-1"]
[WhiteElo "2304"]
[BlackElo "2601"]
[Annotator "TA"]
[PlyCount "114"]
[EventDate "2020.01.02"]
[EventType "swiss"]
[EventCountry "ESP"]
[SourceTitle "playchess.com"]
[Source "ChessBase"]
[SourceQuality "1"]

{[%evp 9,122,0,20,-30,18,0,0,0,4,0,2,0,0,-16,14,-10,-5,-35,-38,-62,-59,-71,-55,-144,-141,-135,-158,-152,-119,-231,-206,-264,-251,-270,-111,-216,-27,-29,95,-16,-10,-14,-14,-13,-16,-10,4,3,53,50,58,50,68,65,88,20,42,15,32,8,8,0,37,43,63,0,0,0,0,-69,-71,-76,-75,-86,-76,-70,-22,-35,-35,-35,-35,-35,-35,-36,-36,-112,-46,-207,-203,-895,-598,-461,-457,-545,-552,-2042,-2125,-1209,-1009,-29978,-29979,-29979,-29980,-29980,-29981,-29981,-29977,-29980,-29981,-29981,-29982,-29982,-29983,-29989,-29990]} 1. e4 d5 2. exd5 Qxd5 3. Nc3 Qd6 4. g3 Nc6 (4... Nf6 5. Bg2 g6 6. Nge2 Bg7 7. O-O O-O 8. d3 c6 9. Rb1 a5 10. Bf4 e5 11. Be3 Nd5 12. Bd2 {½-½ (52) Smirin,I (2663)-Inarkiev,E (2680) Khanty-Mansiysk 2013}) 5. Bg2 Nf6 6. Nge2 {B01: Scandinavian Defence} a6 7. d4 Bf5 8. a3 {The position is equal.} e6 9. Bf4 Qd7 10. Qd2 O-O-O {[%cal Rc6d4]} 11. Rd1 $146 ({Predecessor:} 11. O-O-O Bd6 12. Rhe1 Ng4 13. Bxd6 Qxd6 14. Nf4 Nxd4 15. h3 Nf6 16. Ne4 Qc6 17. Nc3 Nb3+ {0-1 (17) Fischer,U (1256)-Risius,P (1795) Bad Homburg 2008}) 11... Nd5 12. Nxd5 exd5 13. O-O Bh3 14. Rfe1 h5 15. Bh1 f6 16. Nc1 (16. Be3 $15) 16... g5 $17 17. Be3 h4 18. Nd3 Bd6 19. b4 (19. Bxd5 $2 hxg3 20. fxg3 Bxg3 $1 $19 {[%mdl 512]}) (19. c4 $17) 19... Bg4 20. Rb1 Qf5 21. Nc5 Rh7 (21... b6 $19 22. Nxa6 Ne7) 22. b5 (22. Qd3 $17 {keeps fighting.}) 22... axb5 $2 {[#]} ({Black should try} 22... hxg3 $1 $19 23. fxg3 axb5 24. Nxb7 Bxg3 {[%mdl 64] Double Attack}) 23. Nxb7 $1 $11 {[%mdl 512]} Bf3 {[#]} (23... Kxb7 $11 {keeps the balance.} 24. Rxb5+ Kc8 25. Bxd5 Bb4 26. Bxc6 Bxd2 27. Bxd2 Qxb5 $1 {[%mdl 512]} 28. Bxb5 Rxd4) 24. Nxd6+ (24. Rxb5 Bxh1 25. Kxh1 Qf3+ 26. Kg1 h3 $17) (24. Bxf3 $1 $16 Qxf3 25. Nxd8 (25. Qd3 h3 $11)) 24... Rxd6 25. Bxf3 Qxf3 26. Qe2 Qxe2 27. Rxe2 Na7 28. Bd2 Nc6 29. Bc3 f5 30. Rxb5 hxg3 31. fxg3 f4 32. gxf4 (32. Re8+ $16 Kd7 33. Rg8) 32... gxf4 33. Rf2 Rh3 34. Bb2 f3 35. a4 Rh4 36. c3 Rh3 37. Ba3 (37. Bc1 $14) 37... Re6 38. Kf1 Re3 39. Rc2 ({Avoid the trap} 39. Rxd5 $2 Rxc3 40. Ra2 Rd3 $19) (39. Rd2 $11) 39... Rd3 $15 {[%mdl 1024] Hoping for ...Rd1+. Black has compensation.} 40. Rb1 Na5 {And now ...Nc4 would win.} 41. Re1 Nc4 42. Bc1 Kb7 43. Bf4 Rh7 44. Kf2 Rf7 $36 {[%mdl 2048] Black has good play.} 45. Bg3 Nd2 46. Rec1 Ka6 47. Ke1 ({Better is} 47. Kg1 $15) 47... Ne4 (47... Re7+ $17 48. Be5 Ne4) 48. c4 $2 (48. Kf1 $1 $15) 48... dxc4 $19 ({Inferior is} 48... Rxd4 49. cxd5 f2+ 50. Bxf2 $14) 49. Bf2 $2 (49. Rxc4 f2+ 50. Ke2 Rxg3 51. hxg3 Nxg3+ 52. Kd3) 49... Re7 {White must now prevent ...Nd2+.} 50. Kf1 {and the idea Be1 leaves White hopeful.} c3 51. Be1 Nd2+ 52. Bxd2 cxd2 {[%mdl 4096] Endgame KRR-KRR} 53. Rd1 Re2 54. Rxc7 Rxh2 {Black mates.} 55. Kg1 Re2 56. Kf1 Rxd4 57. Rc6+ {[#]} Ka5 {Played: Ka6-b7} 0-1

[Event "31st Roquetas de Mar Open 2020"]
[Site "Roquetas de Mar"]
[Date "2020.01.06"]
[Round "8.14"]
[White "Sosa, Tomas"]
[Black "Garcia Moreno, Carlos"]
[Result "1-0"]
[WhiteElo "2508"]
[BlackElo "2289"]
[Annotator "RC"]
[PlyCount "111"]
[EventDate "2020.01.02"]
[EventType "swiss"]
[EventCountry "ESP"]
[SourceTitle "playchess.com"]
[Source "ChessBase"]
[SourceQuality "1"]
[TimeControl "5400+30"]

1. e4 {[%emt 0:02:33]} e5 {[%emt 0:00:00]} 2. Nf3 {[%emt 0:00:07]} Nc6 {[%emt 0:00:12]} 3. Bc4 {[%emt 0:00:05]} Bc5 {[%emt 0:00:40]} 4. d3 {[%emt 0:00:40]} Nf6 {[%emt 0:00:31]} 5. O-O {[%emt 0:00:29]} h6 {[%emt 0:13:42]} 6. c3 {[%emt 0:00:57]} Bb6 {[%emt 0:01:58]} 7. Nbd2 {[%emt 0:01:19]} O-O {[%emt 0:01:20]} 8. Re1 {[%emt 0:00:52]} d6 {[%emt 0:02:45]} 9. h3 {[%emt 0:03:10]} Ne7 {[%emt 0:06:59]} 10. Nf1 {[%emt 0:01:48]} Ng6 {[%emt 0:00:18]} 11. Ng3 {[%emt 0:00:26]} c6 {[%emt 0:00:38]} 12. Bb3 {[%emt 0:00:40]} Re8 {[%emt 0:05:00]} 13. d4 {[%emt 0:01:37]} Qc7 {[%emt 0:06:33]} 14. Be3 {[%emt 0:06:35]} Be6 {[%emt 0:09:25]} 15. Qd2 {[%emt 0:03:16]} Bxb3 {[%emt 0:16:42]} 16. axb3 {[%emt 0:01:10]} Kh7 {[%emt 0:00:15]} 17. b4 {[%emt 0:08:11]} a6 {[%emt 0:08:33]} 18. c4 {[%emt 0:14:22]} exd4 {[%emt 0:00:26]} 19. Bxd4 {[%emt 0:01:44]} Bxd4 {[%emt 0:00:40]} 20. Qxd4 {[%emt 0:01:24]} Ne5 {[%emt 0:03:26]} 21. Rad1 {[%emt 0:03:54]} c5 {[%emt 0:01:17]} 22. bxc5 {[%emt 0:03:20]} Qxc5 {[%emt 0:00:06]} 23. Qxc5 {[%emt 0:01:29]} dxc5 {[%emt 0:04:53]} 24. Nxe5 {[%emt 0:00:26]} Rxe5 {[%emt 0:00:01]} 25. f4 {[%emt 0:00:58]} Re7 {[%emt 0:00:02]} 26. e5 {[%emt 0:01:48]} Ne8 {[%emt 0:00:01]} 27. Rd5 {[%emt 0:01:41]} Nc7 {[%emt 0:02:04]} 28. Rd6 {[%emt 0:00:50]} Ne6 {[%emt 0:01:22]} 29. f5 {[%emt 0:11:48]} Nd4 {[%emt 0:00:12]} 30. f6 {[%emt 0:00:04]} gxf6 {[%emt 0:01:03]} 31. Rxf6 {[%emt 0:00:09]} Rg8 {[%emt 0:01:14]} 32. Kf2 {[%emt 0:03:00]} Rg5 {[%emt 0:03:11]} 33. Re4 {[%emt 0:01:30]} Kg7 {[%emt 0:02:36]} 34. Rh4 {[%emt 0:01:21]} Rexe5 {[%emt 0:00:48]} 35. Rfxh6 {[%emt 0:01:56]} Rxg3 {[%emt 0:02:46]} 36. Rh7+ {[%emt 0:00:16]} Kf6 {[%emt 0:00:09]} 37. Kxg3 {[%emt 0:01:23]} Nf5+ {[%emt 0:00:06]} 38. Kf4 {[%emt 0:03:04]} Nxh4 {[%emt 0:00:07]} 39. Rxh4 {[%emt 0:00:02]} Re2 {[%emt 0:03:19]} 40. Rh6+ {[%emt 0:00:26]} Kg7 {[%emt 0:00:02]} 41. Rb6 {[%emt 0:00:08]} Rxg2 {[%emt 0:00:02]} 42. Rxb7 {[%emt 0:00:07]} Rc2 {[%emt 0:00:25]} 43. b3 {[%emt 0:00:48]} a5 {[%emt 0:00:20]} 44. Ra7 {[%emt 0:00:57]} Rc3 {[%emt 0:01:01]} 45. h4 {[%emt 0:00:39]} Rh3 {[%emt 0:01:05]} 46. Kg4 {[%emt 0:02:27]} Rxb3 {[%emt 0:00:07]} 47. Rxa5 {[%emt 0:00:04]} Re3 {[%emt 0:01:34]} 48. Rxc5 {[%emt 0:00:02]} Re4+ {[%emt 0:00:07]} 49. Kg3 {[%emt 0:03:24]} Kh6 {[%emt 0:02:18]} 50. Rc8 {[%emt 0:03:06]} Kh5 {[%emt 0:01:32]} 51. Rh8+ {[%emt 0:01:15]} Kg6 {[%emt 0:00:02]} 52. Rg8+ {[%emt 0:00:06]} Kh6 {[%emt 0:01:11]} 53. Rg4 {[%emt 0:00:13]} Re3+ {[%emt 0:00:36]} 54. Kf4 {[%emt 0:01:45]} Rc3 {[%emt 0:00:18]} 55. Ke5 {[%emt 0:00:25]} Rf3 {[%emt 0:00:57]} 56. Rf4 {[%emt 0:00:38]} 1-0

[Event "31st Roquetas de Mar Open 2020"]
[Site "Roquetas de Mar"]
[Date "2020.01.06"]
[Round "8.15"]
[White "Villanueva, Mario"]
[Black "Rohit S"]
[Result "1/2-1/2"]
[WhiteElo "2488"]
[BlackElo "2267"]
[Annotator "RC"]
[PlyCount "75"]
[EventDate "2020.01.02"]
[EventType "swiss"]
[EventCountry "ESP"]
[SourceTitle "playchess.com"]
[Source "ChessBase"]
[SourceQuality "1"]
[TimeControl "5400+30"]

1. e4 c5 2. Nf3 d6 3. d4 cxd4 4. Nxd4 Nf6 5. Nc3 a6 6. Be3 e5 7. Nb3 Be6 8. h3 Be7 9. f4 exf4 10. Bxf4 Nc6 11. Qe2 Ne5 12. O-O-O Qc7 13. g4 O-O 14. Kb1 b5 15. Nd5 Bxd5 16. exd5 Nfd7 17. Nd4 Rfe8 18. Qd2 Bf8 19. b3 Ng6 20. Bg3 Nc5 21. Bg2 Ne4 22. Bxe4 Rxe4 23. Rhe1 Rxe1 24. Rxe1 Ne7 25. Nf5 Nxf5 26. gxf5 Be7 27. Bf2 Bf6 28. Bd4 Bxd4 29. Qxd4 Rc8 30. Qe4 h6 31. f6 g6 32. Re2 Qc3 33. Qf4 Qxh3 34. Rh2 Qc3 35. Qxh6 Qe1+ 36. Kb2 Qc3+ 37. Kb1 Qe1+ 38. Kb2 1/2-1/2

[Event "31st Roquetas de Mar Open 2020"]
[Site "Roquetas de Mar"]
[Date "2020.01.06"]
[Round "8.16"]
[White "Silva Lucena, Cristian"]
[Black "Camacho Collados, Jose"]
[Result "1-0"]
[WhiteElo "2217"]
[BlackElo "2419"]
[Annotator "RC"]
[PlyCount "109"]
[EventDate "2020.01.02"]
[EventType "swiss"]
[EventCountry "ESP"]
[SourceTitle "playchess.com"]
[Source "ChessBase"]
[SourceQuality "1"]
[TimeControl "5400+30"]

1. e4 {[%emt 0:02:40]} e5 {[%emt 0:00:00]} 2. Nf3 {[%emt 0:00:29]} Nf6 {[%emt 0:00:00]} 3. d4 {[%emt 0:00:13]} Nxe4 {[%emt 0:00:59]} 4. dxe5 {[%emt 0:00:13]} d5 {[%emt 0:02:05]} 5. Bd3 {[%emt 0:00:15]} Nc5 {[%emt 0:01:25]} 6. O-O {[%emt 0:00:06]} Bg4 {[%emt 0:01:11]} 7. h3 {[%emt 0:02:05]} Bh5 {[%emt 0:01:29]} 8. Re1 {[%emt 0:01:47]} Be7 {[%emt 0:02:16]} 9. Be2 {[%emt 0:10:14]} O-O {[%emt 0:05:25]} 10. Nc3 {[%emt 0:04:55]} Bxf3 {[%emt 0:06:27]} 11. Bxf3 {[%emt 0:00:35]} c6 {[%emt 0:00:02]} 12. Ne2 {[%emt 0:01:12]} Ne6 {[%emt 0:09:10]} 13. Nd4 {[%emt 0:01:58]} Nxd4 {[%emt 0:05:19]} 14. Qxd4 {[%emt 0:00:04]} Bg5 {[%emt 0:00:09]} 15. c4 {[%emt 0:01:45]} dxc4 {[%emt 0:09:14]} 16. Qxc4 {[%emt 0:00:47]} Nd7 {[%emt 0:05:09]} 17. e6 {[%emt 0:04:18]} Nb6 {[%emt 0:09:19]} 18. Qc5 {[%emt 0:04:06]} Be7 {[%emt 0:01:00]} 19. Qf5 {[%emt 0:01:17]} Bf6 {[%emt 0:02:22]} 20. Bf4 {[%emt 0:06:41]} fxe6 {[%emt 0:02:28]} 21. Qxe6+ {[%emt 0:02:52]} Kh8 {[%emt 0:00:02]} 22. Rad1 {[%emt 0:02:59]} Qc8 {[%emt 0:00:10]} 23. b3 {[%emt 0:02:59]} Qxe6 {[%emt 0:03:46]} 24. Rxe6 {[%emt 0:00:05]} Kg8 {[%emt 0:01:17]} 25. a4 {[%emt 0:02:49]} Rad8 {[%emt 0:01:14]} 26. Bd6 {[%emt 0:02:16]} Rf7 {[%emt 0:05:56]} 27. a5 {[%emt 0:05:48]} Nd5 {[%emt 0:00:44]} 28. a6 {[%emt 0:00:40]} bxa6 {[%emt 0:01:13]} 29. Bg3 {[%emt 0:01:14]} Rfd7 {[%emt 0:08:10]} 30. Rxc6 {[%emt 0:01:39]} Nb4 {[%emt 0:01:30]} 31. Rxd7 {[%emt 0:00:29]} Rxd7 {[%emt 0:00:08]} 32. Rc4 {[%emt 0:01:40]} a5 {[%emt 0:00:18]} 33. Bg4 {[%emt 0:00:33]} Re7 {[%emt 0:06:15]} 34. Rc5 {[%emt 0:00:48]} Bd4 {[%emt 0:01:06]} 35. Rxa5 {[%emt 0:01:22]} Re1+ {[%emt 0:01:54]} 36. Kh2 {[%emt 0:00:02]} Bb6 {[%emt 0:00:09]} 37. Rf5 {[%emt 0:00:46]} g6 {[%emt 0:00:28]} 38. Rf6 {[%emt 0:01:11]} Nd3 {[%emt 0:02:20]} 39. Be6+ {[%emt 0:07:12]} Kg7 {[%emt 0:00:01]} 40. Rf7+ {[%emt 0:00:09]} Kh6 {[%emt 0:03:27]} 41. Bc4 {[%emt 0:02:31]} Nb2 {[%emt 0:03:15]} 42. Bb5 {[%emt 0:02:20]} g5 {[%emt 0:00:51]} 43. h4 {[%emt 0:00:51]} Kg6 {[%emt 0:00:21]} 44. Rd7 {[%emt 0:01:10]} gxh4 {[%emt 0:00:32]} 45. Bxh4 {[%emt 0:00:34]} Re5 {[%emt 0:00:50]} 46. Bc6 {[%emt 0:00:46]} Re6 {[%emt 0:00:55]} 47. Bd5 {[%emt 0:00:20]} Re5 {[%emt 0:00:35]} 48. f3 {[%emt 0:00:32]} h5 {[%emt 0:00:24]} 49. Be4+ {[%emt 0:00:19]} Rxe4 {[%emt 0:00:33]} 50. fxe4 {[%emt 0:00:01]} Be3 {[%emt 0:00:12]} 51. Be1 {[%emt 0:00:27]} Bf4+ {[%emt 0:00:17]} 52. g3 {[%emt 0:00:07]} Be5 {[%emt 0:00:04]} 53. Rd5 {[%emt 0:00:17]} Bc7 {[%emt 0:00:24]} 54. Bc3 {[%emt 0:00:11]} h4 {[%emt 0:00:08]} 55. Bxb2 {[%emt 0:00:08]} 1-0

[Event "31st Roquetas de Mar Open 2020"]
[Site "Roquetas de Mar"]
[Date "2020.01.06"]
[Round "8.17"]
[White "Merario Alarcon, Andres"]
[Black "Kumar, Nikhil"]
[Result "0-1"]
[WhiteElo "2412"]
[BlackElo "2315"]
[Annotator "TA"]
[PlyCount "46"]
[EventDate "2020.01.02"]
[EventType "swiss"]
[EventCountry "ESP"]
[SourceTitle "playchess.com"]
[Source "ChessBase"]
[SourceQuality "1"]

{[%evp 13,46,18,25,22,48,30,29,0,11,18,11,2,0,0,10,0,20,-6,0,-64,-70,-116,-105,-340,-338,-365,-362,-350,-343,-383,-364,-464,-457,-964,-953]} 1. d4 d5 2. c4 e6 3. Nc3 Nf6 4. cxd5 exd5 5. Bg5 Be7 6. e3 c6 7. Bd3 Nbd7 {[%cal Bb8d7,Bd7f6,Bf6e4][%mdl 32]} 8. h3 $146 {D35: Queen's Gambit Declined: Exchange Variation} (8. Nge2 Nf8 9. O-O Ne6 10. Bh4 O-O 11. f3 b6 12. Kh1 g6 13. Bf2 c5 14. Qd2 Bb7 15. Rad1 a6 16. Bc2 Re8 {1-0 (39) Cheparinov,I (2666)-Wang,H (2725) Changsha 2019}) 8... Ne4 9. Bf4 Ndf6 10. Qc2 {White has an edge.} (10. Nf3 {is more complex.} Bf5 11. O-O O-O 12. Ne2 Qc8 13. g4) 10... Bd6 11. Bxd6 Nxd6 12. Nf3 O-O 13. O-O Re8 14. Rfc1 Nfe4 15. Rab1 Bf5 16. Na4 (16. a4 $11) 16... Re6 $15 17. Ne5 Qg5 {aiming for ...Bxh3.} 18. g4 $2 (18. Nc3 $17) 18... Rh6 $19 19. f4 Qh4 20. Qg2 {[#]} f6 $1 ({Worse is} 20... Qxh3 21. Qxh3 Rxh3 22. gxf5 $15) 21. Nf3 Qxh3 22. gxf5 Qxf5 23. Kf1 {[#]} (23. Bxe4 $142 dxe4 24. Ng5) 23... Ng3+ $1 {[%mdl 576] Discovered Attack. Accuracy: White = 25%, Black = 71%.} 0-1

[Event "31st Roquetas de Mar Open 2020"]
[Site "Roquetas de Mar"]
[Date "2020.01.07"]
[Round "9.1"]
[White "Bjerre, Jonas Buhl"]
[Black "Bernadskiy, Vitaliy"]
[Result "1/2-1/2"]
[WhiteElo "2535"]
[BlackElo "2588"]
[Annotator "RC"]
[PlyCount "62"]
[EventDate "2020.01.02"]
[EventType "swiss"]
[EventCountry "ESP"]
[SourceTitle "playchess.com"]
[Source "ChessBase"]
[SourceQuality "1"]
[TimeControl "5400+30"]

1. e4 c5 2. Nf3 Nc6 3. d4 cxd4 4. Nxd4 Nf6 5. Nc3 e5 6. Ndb5 d6 7. Bg5 a6 8. Na3 b5 9. Nd5 Be7 10. Bxf6 Bxf6 11. c4 b4 12. Nc2 O-O 13. g3 Rb8 14. Qd3 g6 15. Nxf6+ Qxf6 16. Bg2 Bb7 17. O-O a5 18. Rad1 Rfd8 19. b3 Ra8 20. Qe3 Nb8 21. Qb6 Qe7 22. c5 Ra6 23. Qb5 Qd7 24. Qxd7 Nxd7 25. Rxd6 Rxd6 26. cxd6 Nc5 27. Rd1 Bxe4 28. Ne3 Bd3 29. Rc1 Ne6 30. Ng4 Nd4 31. Rc7 Rxd6 1/2-1/2

[Event "31st Roquetas de Mar Open 2020"]
[Site "Roquetas de Mar"]
[Date "2020.01.07"]
[Round "9.2"]
[White "Grigoryan, Karen H."]
[Black "Sadzikowski, Daniel"]
[Result "1-0"]
[WhiteElo "2632"]
[BlackElo "2501"]
[Annotator "TA"]
[PlyCount "65"]
[EventDate "2020.01.02"]
[EventType "swiss"]
[EventCountry "ESP"]
[SourceTitle "playchess.com"]
[Source "ChessBase"]
[SourceQuality "1"]

{[%evp 9,64,2,-3,-10,-6,-10,0,-18,-12,-25,4,0,0,0,7,7,10,10,6,0,0,8,5,2,10,0,12,7,38,30,34,29,66,36,30,26,46,63,65,75,70,49,96,93,85,95,111,94,239,231,210,227,391,386,399,375,29999]} 1. Nf3 d5 2. g3 Nd7 3. d4 Ngf6 4. Bg2 b5 5. b3 (5. a4 b4 6. c4 bxc3 7. Nxc3 e6 8. O-O Bb7 9. Bf4 a6 10. Rc1 Be7 11. b4 Bxb4 {1-0 (32) Mikhalevski,V (2579)-Riazantsev,A (2649) St Petersburg 2018}) 5... Bb7 $146 ({Predecessor:} 5... e6 6. c4 c6 7. O-O Be7 8. Nbd2 O-O 9. Qc2 bxc4 10. bxc4 Ba6 11. Re1 c5 12. Qa4 Qc8 13. Ba3 Nb6 14. Qa5 Nxc4 15. Nxc4 Bxc4 16. Ne5 Qa6 17. Nxc4 Qxc4 18. e3 Rfb8 19. Bf1 {1-0 (48) Utegaliev,A (2517)-Kostenko,P (2459) Almaty 2018}) 6. c4 {D02: 1 d4 d5 2 Nf3 sidelines, including 2...Nf6 3 g3 and 2...Nf6 3 Bf4} bxc4 7. bxc4 dxc4 8. Qa4 {The position is equal.} e6 9. Nc3 Nd5 10. Nxd5 Bxd5 11. O-O Bd6 12. Nd2 Bxg2 13. Kxg2 O-O 14. Nxc4 Nb6 15. Qc6 Qe8 16. Na5 (16. Ne5 {looks sharper.} f6 17. Qxe8 Rfxe8 18. Nc6 Nc4 19. Bf4) 16... e5 17. d5 Qxc6 18. dxc6 Bb4 19. Nb7 a5 20. Be3 {Threatens to win with Bxb6.} Nc8 21. Rfc1 Ra6 22. Bc5 Re8 23. a3 Bxc5 24. Rxc5 f6 25. Rd1 $36 {[%mdl 2048] Hoping for Rd7. White is pushing.} Kf7 26. Rxa5 Rxa5 27. Nxa5 $16 {[%mdl 4096] Endgame KRN-KRN} Nb6 {[#]} 28. Nb7 $1 Ke6 {[#]} (28... f5 $16) 29. a4 $1 $18 {[%mdl 512]} Nxa4 30. Rd7 Nb6 $2 (30... f5 {was worth a try.} 31. Rxc7 Re7 32. Nd8+ Kd6) 31. Nc5+ Kf5 32. Rxg7 {[%csl Gc5][%cal Re2e4]} h5 $2 (32... e4 $18 33. Rxh7 Ke5 34. Nd7+ (34. Rxc7 Kd6 $14) 34... Ke6 35. Nxb6 cxb6) 33. e4# {Accuracy: White = 56%, Black = 40%.} 1-0

[Event "31st Roquetas de Mar Open 2020"]
[Site "Roquetas de Mar"]
[Date "2020.01.07"]
[Round "9.3"]
[White "Lopez Martinez, Josep Manuel"]
[Black "Lu, Shanglei"]
[Result "1/2-1/2"]
[WhiteElo "2545"]
[BlackElo "2611"]
[Annotator "TA"]
[PlyCount "66"]
[EventDate "2020.01.02"]
[EventType "swiss"]
[EventCountry "ESP"]
[SourceTitle "playchess.com"]
[Source "ChessBase"]
[SourceQuality "1"]

{[%evp 9,66,45,52,47,59,45,54,53,64,56,45,52,53,57,85,25,33,25,80,0,86,36,65,79,95,23,9,0,-192,0,0,0,0,0,0,0,0,0,0,0,0,0,0,0,0,0,0,0,0,0,0,-287,0,0,0,0,0,0,0]} 1. d4 g6 2. e4 d5 3. exd5 Qxd5 4. Nc3 Qd8 5. Bf4 Bg7 6. Qd2 {B01: Scandinavian Defence} c6 (6... Nf6 7. O-O-O a6 8. h4 b5 9. h5 gxh5 10. Nge2 b4 11. Na4 Qd5 12. Qxb4 Nc6 13. Qa3 Ne4 {1-0 (30) Ivanchuk,V (2726)-Artemiev,V (2691) Huaian 2017}) 7. O-O-O Nf6 8. Bh6 {White is slightly better.} Bxh6 9. Qxh6 Be6 10. Nf3 Qa5 11. a3 Nbd7 12. h3 ({White should try} 12. Ng5 $16) 12... b5 $11 13. Ng5 Bd5 $146 (13... b4 $11 {remains equal.} 14. axb4 Qxb4) ({Predecessor:} 13... b4 14. axb4 Qxb4 15. Nxe6 fxe6 {½-½ (57) Brustman,A (2300)-Petrovic,M (2220) Novi Sad 1990}) 14. Bd3 ({White should play} 14. Nxd5 $16 Nxd5 15. h4) 14... Bxg2 (14... b4 $1 $11 15. axb4 (15. Nxd5 cxd5 16. a4 Qxa4 $11) 15... Qxb4 16. Nxd5 cxd5) 15. Rhe1 b4 16. axb4 Qxb4 17. f3 (17. Re2 $16) 17... Rb8 $1 18. Re2 (18. Qg7 $2 Rf8 $19) 18... Qxb2+ 19. Kd2 Rb3 $1 20. Nce4 $1 {[%cal Bc3e4,Be4d6,Bd6f7][%mdl 32] [#]} Rxd3+ $1 21. Kxd3 {And now Nd6+ would win.} Nd5 22. Qg7 Rf8 23. Kd2 h6 24. Nxf7 {[%mdl 64] Decoy} Rxf7 {[%mdl 64] Double Attack} ({Weaker is} 24... Bxf3 25. Ned6#) 25. Nd6+ {[%mdl 64] Double Attack} Kd8 26. Nxf7+ Kc7 27. Qh8 {Black must now prevent Qd8+.} Qc3+ 28. Kc1 {Threatens to win with Qd8+.} Qa3+ 29. Kd2 {Qd8+ is the strong threat.} N7b6 30. Qd8+ Kb7 31. Rb1 {aiming for Rxb6+!The position is equal.} Qc3+ ({Don't go for} 31... Bxf3 $2 {[#]} 32. Rxb6+ $1 {[%mdl 512]} Nxb6 33. Qxe7+ Kb8 34. Qxa3 $18) 32. Kc1 {Hoping for Rb2.} Qa3+ 33. Kd2 {Strongly threatening Rxb6+.} Qc3+ {Accuracy: White = 56%, Black = 85%.} ({Of course not} 33... Bxf3 $6 34. Rxe7+ Ka6 35. Rxb6+ {[%mdl 64] Deflection} Nxb6 36. Qc7 $16) 1/2-1/2